Govt. of
Madhya Pradesh

NTA CSIR UGC NET/JRF/SET Physical Sciences (Record no. 66202)

MARC details
000 -LEADER
fixed length control field 00277nam a22001097a 4500
082 ## - DEWEY DECIMAL CLASSIFICATION NUMBER
Classification number 530
100 ## - MAIN ENTRY--AUTHOR NAME
Personal name Chenglei,W.Melemnganba
245 ## - TITLE STATEMENT
Title NTA CSIR UGC NET/JRF/SET Physical Sciences
260 ## - PUBLICATION, DISTRIBUTION, ETC. (IMPRINT)
Place of publication Meerut UP
Name of publisher Arihant Publicatiom
Year of publication 2023
650 ## - SUBJECT ADDED ENTRY--TOPICAL TERM
Topical Term Physics
942 ## - ADDED ENTRY ELEMENTS (KOHA)
Koha item type Books
Holdings
Withdrawn status Lost status Damaged status Not for loan Home library Current library Date acquired Cost, normal purchase price Full call number Accession Number Price effective from Koha item type
        MACL MACL 25/10/2023 950.00 530 DPI001439 25/10/2023 Books